Dirección de la producción y de operaciones. Decisiones Estratégicas / Jay Heizer, Barry Render, Yago Moreno López tr. (Registro nro. 26297)
[ vista simple ]
| 000 -LÍDER | |
|---|---|
| fixed length control field | 00678nam a2200169 4500 |
| 020 ## - NÚMERO INTERNACIONAL NORMALIZADO PARA LIBROS | |
| ISBN | 978-84-8322-360-4 |
| 050 ## - SIGNATURA TOPOGRAFICA DE LA BIBLIOTECA DEL CONGRESO (LC) | |
| Número de Clasificación | TS155 H37318 2007 |
| 082 ## - NUMERO DE CLASIFICACION DECIMAL DEWEY | |
| Número de Clasificación | 658.503 H465de |
| 100 ## - ASIENTO PRINCIPAL--NOMBRE PERSONAL | |
| Nombre personal | Heizer, Jay |
| 245 ## - TÍTULO | |
| Título | Dirección de la producción y de operaciones. Decisiones Estratégicas / Jay Heizer, Barry Render, Yago Moreno López tr. |
| 250 ## - MENCIÓN DE EDICIÓN | |
| Mención de edición | 8 |
| 260 ## - PUBLICACIÓN, DISTRIBUCIÓN, ETC. (PIE DE IMPRENTA) | |
| Lugar de publicación, distribución, etc. | México : España, Madrid |
| 300 ## - DESCRIPCIÓN FÍSICA | |
| Extensión | xxxix, 571 p. / 26 cm |
| 500 ## - NOTA GENERAL | |
| Nota general | Incluye cd-rom. |
| 650 ## - ASIENTO SECUNDARIO DE MATERIA - TERMINO TEMÁTICO | |
| Término temático o nombre geográfico como elemento de entrada | 1. ADMINISTRACION DE PRODUCCION 2.OPERACIONES INDUSTRIALES |
| 700 ## - ASIENTO SECUNDARIO - NOMBRE PERSONAL | |
| Nombre personal | I.Render, Barry. coaut. II. Yago Moreno López tr. |
| No. biblioteca | No. biblioteca | Número de clasificación | Código de barras/Número de adquisición | Número de copia | Tipo de material |
|---|---|---|---|---|---|
| ÁREA DE INDUSTRIAL | ÁREA DE INDUSTRIAL | 658.503 H465de | 50756 | 1 | Libros |
| ÁREA DE INDUSTRIAL | ÁREA DE INDUSTRIAL | 658.503 H465de | 50757 | 2 | Libros |
| ÁREA DE INDUSTRIAL | ÁREA DE INDUSTRIAL | 658.503 H465de | 50992 | 3 | Libros |
